Normal view
MARC view
Entry Personal Name
001 - CONTROL NUMBER
- control field: 1053716
003 - CONTROL NUMBER IDENTIFIER
- control field: OSt
005 - DATE AND TIME OF LATEST TRANSACTION
- control field: 20260121165610.0
008 - FIXED-LENGTH DATA ELEMENTS
- fixed length control field: 260121|| aca||aabn | a|a d
040 ## - CATALOGING SOURCE
- Original cataloging agency: OSt
- Transcribing agency: OSt
100 ## - HEADING--PERSONAL NAME
- Personal name: Ma?gorzata Rozkwitalska, ?ukasz Su?kowski, Slawomir Magala
670 ## - SOURCE DATA FOUND
- Source citation: Work cat.: (OSt)1619442: Ma?gorzata Rozkwitalska, ?ukasz Su?kowski, Slawomir Magala, Intercultural Interactions in the Multicultural Workplace
